| 000 | 00839nam a2200277Ia 4500 | ||
|---|---|---|---|
| 001 | Para_6793 | ||
| 003 | CHAP | ||
| 008 | 220125s1984 xx 000 0 und d | ||
| 010 | _a205589 | ||
| 040 | _cCHAP | ||
| 090 | _aPA FOLLETO 731 | ||
| 100 |
_aValle García, Pablo _9117596 |
||
| 245 |
_aCombata oportunamente la cenicilla de la vid / _c por Pablo Valle García |
||
| 260 |
_aPabellón, Ags. : _b INIA. CIANOC |
||
| 300 | _a1 hoja desplegable | ||
| 650 |
_aCenicilla polvorienta de la vid _920975 |
||
| 650 |
_aVid _x enfermedades _9119108 |
||
| 710 |
_aInstituto Nacional de Investigaciones Agrícolas (México) CIANOC _9170750 |
||
| 901 | _aPA FOLLETO 731 | ||
| 902 | _aA | ||
| 905 | _a0000001984 0000000000 00 | ||
| 910 | _a1984 | ||
| 942 | _cPARA | ||
| 942 |
_cPARA _d1 |
||
| 999 |
_c205589 _d205589 |
||